Normal view
MARC view
- Zienkiewicz , O.C Taylor , R .L Zhu, J.Z
Entry Personal Name
001 - CONTROL NUMBER
- control field: 62158
003 - CONTROL NUMBER IDENTIFIER
- control field: NUST
005 - DATE AND TIME OF LATEST TRANSACTION
- control field: 20210628202903.0
008 - FIXED-LENGTH DATA ELEMENTS
- fixed length control field: 210628|| aca||aabn | a|a d
040 ## - CATALOGING SOURCE
- Original cataloging agency: NUST
- Transcribing agency: NUST
100 ## - HEADING--PERSONAL NAME
- Personal name: Zienkiewicz , O.C Taylor , R .L Zhu, J.Z
670 ## - SOURCE DATA FOUND
- Source citation: Work cat.: (NUST): Zienkiewicz , O.C Taylor , R .L Zhu, J.Z, The finite element method its basis and fundamentals, 2005
